[Event "Wch U14"]
[Site "Khanty-Mansiysk"]
[Date "2016.10.02"]
[Round "10"]
[White "Haring, Filip"]
[Black "Dolgikh, Evgeniy"]
[Result "1/2-1/2"]
[WhiteElo "2099"]
[BlackElo "1904"]
[PlyCount "103"]
[EventDate "2016.09.22"]
[EventType "swiss"]
[EventRounds "11"]
[EventCountry "RUS"]
[SourceTitle "EXT 2017"]
[Source "ChessBase"]
[SourceDate "2016.10.25"]
[SourceVersion "1"]
[SourceVersionDate "2016.10.25"]
[SourceQuality "1"]

1. e4 c5 2. Nf3 Nf6 3. Nc3 d5 4. e5 Nfd7 5. Nxd5 Nxe5 6. Ne3 Nbc6 7. Nxe5 Nxe5 8. b3 Nc6 9. Bb2 e5 10. Bc4 f6 11. 0-0 Qd6 12. Qh5+ g6 13. Qh4 Be7 14. f4 Be6 15. f5 gxf5 16. Qh5+ Kd8 17. Nxf5 Bxf5 18. Qxf5 Kc7 19. Kh1 Rad8 20. Rad1 Nb4 21. d4 cxd4 22. Ba3 Qb6 23. Qh5 Rd7 24. Qg4 Nxc2 25. Bxe7 Rxe7 26. Rc1 Ne3 27. Bg8+ Qc6 28. Rxc6+ bxc6 29. Qf3 Rxg8 30. Qxf6 Rge8 31. Rc1 Re6 32. Qf7+ R8e7 33. Qf8 d3 34. Qf2 Nd5 35. Qxa7+ Kd6 36. Qc5+ Kd7 37. Qa7+ Ke8 38. Qa8+ Kf7 39. Rd1 e4 40. Qa5 Rf6 41. Qd2 Re5 42. h3 Ref5 43. Kh2 h6 44. a4 Rf2 45. Qa5 Re2 46. Qa7+ Kg6 47. Qd7 Ne3 48. Qe8+ Kg7 49. Qe7+ Rf7 50. Qe5+ Rf6 51. Qe7+ Rf7 52. Qe5+ 1/2-1/2

[Event "Wch U14"]
[Site "Khanty-Mansiysk"]
[Date "2016.09.24"]
[Round "3"]
[White "Dolgikh, Evgeniy"]
[Black "Pavlov, Danila"]
[Result "0-1"]
[WhiteElo "1904"]
[BlackElo "2157"]
[PlyCount "62"]
[EventDate "2016.09.22"]
[EventType "swiss"]
[EventRounds "11"]
[EventCountry "RUS"]
[SourceTitle "EXT 2017"]
[Source "ChessBase"]
[SourceDate "2016.10.25"]
[SourceVersion "1"]
[SourceVersionDate "2016.10.25"]
[SourceQuality "1"]

1. d4 Nf6 2. Nf3 g6 3. c4 Bg7 4. Nc3 0-0 5. e4 d6 6. Be2 e5 7. 0-0 Nc6 8. d5 Ne7 9. b4 Ne8 10. Ne1 f5 11. f3 f4 12. a4 g5 13. Nd3 Rf7 14. c5 Bf8 15. Ba3 Rg7 16. b5 Nf6 17. Qb3 Ng6 18. a5 g4 19. b6 g3 20. bxc7 gxh2+ 21. Kxh2 Qe8 22. Rh1 Nh4 23. Ne1 Qg6 24. Bf1 Qg3+ 25. Kg1 Nxf3+ 26. Nxf3 Qxf3 27. Re1 Qg3 28. Re2 Bg4 29. Rb2 Qe3+ 30. Rf2 Nxe4 31. Qb2 Nxc3 0-1

[Event "Wch U14"]
[Site "Khanty-Mansiysk"]
[Date "2016.09.23"]
[Round "2"]
[White "Kakuk, Tibor"]
[Black "Dolgikh, Evgeniy"]
[Result "0-1"]
[WhiteElo "1622"]
[BlackElo "1904"]
[PlyCount "78"]
[EventDate "2016.09.22"]
[EventType "swiss"]
[EventRounds "11"]
[EventCountry "RUS"]
[SourceTitle "EXT 2017"]
[Source "ChessBase"]
[SourceDate "2016.10.25"]
[SourceVersion "1"]
[SourceVersionDate "2016.10.25"]
[SourceQuality "1"]

1. e4 c5 2. Nf3 Nf6 3. Nc3 d5 4. e5 Nfd7 5. d4 e6 6. Ne2 Nc6 7. c3 cxd4 8. cxd4 Be7 9. a3 a6 10. Nc3 0-0 11. Bd3 f6 12. exf6 Bxf6 13. 0-0 Kh8 14. Bc2 b5 15. Qd3 g6 16. Re1 Nb6 17. Ne2 e5 18. dxe5 Nxe5 19. Nxe5 Bxe5 20. Nd4 Qf6 21. Be3 Nc4 22. Rab1 Nxe3 23. fxe3 Qf2+ 24. Kh1 Qh4 25. g3 Bxg3 26. Re2 Bg4 27. Rg2 Be5 28. Rbg1 Rf2 29. Rxf2 Qxf2 30. Rg2 Qe1+ 31. Rg1 Qh4 32. Rg2 Rf8 33. Bb3 Bh3 34. Rg1 Qf2 35. Qe2 Qh4 36. Qd1 Qe7 37. Nf3 Rxf3 38. Bxd5 Rf2 39. Be4 Rxh2# 0-1